000 00615nam a2200241Ia 4500
003 OSt
005 20221007110554.0
006 a|||||r|||| 00| 0
007 ta
008 221006b |||||||| |||| 00| 0 eng d
024 _a21,367
037 _cTextual
040 _aLCO
_cLCO
_beng
041 _2eng
_aeng
082 _aY:45, K5
100 _aHood Roger
_9134760
245 0 _aBorstal Re - Assessed
260 _aLondon
_bHeinemann Educational Books Ltd. U.K.
_c1965
300 _a244
650 _aBORSTAL
_9707658
942 _hY:45, K5
_cTEXL
999 _c1190930
_d1190930